| 000 | 00945nam a22003017a 4500 | ||
|---|---|---|---|
| 003 | CHAP | ||
| 005 | 20220329134956.0 | ||
| 008 | 971013c19661959 r 00010 d | ||
| 010 | _a28942 | ||
| 011 | _a29914 | ||
| 035 | _a34025 | ||
| 040 | _cCHAP | ||
| 082 |
_a519.9 _bL44 |
||
| 100 | 0 | 0 |
_aLehmann, E. L. _965878 |
| 245 | _aTesting statistical hypotheses | ||
| 260 |
_aNew York : _bWiley, _c1966 (c.1959) |
||
| 300 | _a369 p. | ||
| 490 | _aA Wiley publication in mathematical statistics | ||
| 590 |
_aBATCH-UPD _b10 _c20130110 _lUCH01 _h1626 |
||
| 590 |
_aBATCH-UPD _b10 _c20130410 _lUCH01 _h1019 |
||
| 590 |
_aBATCH-UPD _b10 _c20130914 _lUCH01 _h1325 |
||
| 590 |
_aCONVERSION _b10 _c20130109 _lUCH01 _h1317 |
||
| 650 | 1 | 4 |
_aEstadÃstica matemática. _938261 |
| 830 | 0 |
_aA Wiley publication in mathematical statistics _9104 |
|
| 901 | _aBK | ||
| 942 | _cLIBRO | ||
| 949 |
_a519.9 L44 _bBC _cLIBRO _d33724002015421 _eLIBRO _h17143 _i34025 _si _t137.50 |
||
| 999 |
_c28942 _d28942 |
||